00842 2200289 4500001002100000005001500021035002500036008004100061020002200102040001700124082001700141084001900158100004700177245004500224250001100269260003100280300002500311650004800336850001200384007000300396090002300399090002100422110004600443999002100489990002100510990002100531INLIS00000000001373720200506051217 a0010-091500000002250150923s2014 yoi gr ind d a978-602-255-510-0 aYOPDYOGbind04222a346.0482 a346.0482 IND u aINDONESIA [Undang-undang, Peraturan, dsb.]00aUndang-undang hak cipta, paten dan merek aCet. 13 aYogyakarta :bSaufa,c2014 a316 halaman ;c21 cm 4aHak Cipta--xUndang-undang, Peraturan, dsb. aYOPDYOGta aDEP 346.0482 IND u aCB-D.11 2014-5842 aINDONESIA. Undang-undang, Peraturan, dsb. aCB-D.11/2014-584 aCB-D.11/2014-584 aCB-D.11/2014-584